|
|
|
|
| LEADER |
00946nam a22002897a 4500 |
| 001 |
30023 |
| 003 |
BD-DhAAL |
| 005 |
20151007160617.0 |
| 008 |
150826s1995 bg a|||| |||| 00| 0 eng d |
| 040 |
|
|
|a BD-DhAAL
|c BD-DhAAL
|
| 082 |
|
|
|2 22
|a 307.1412095492
|
| 999 |
|
|
|c 35718
|d 35718
|
| 999 |
|
|
|c 35710
|
| 999 |
|
|
|c 35710
|
| 999 |
|
|
|c 35710
|
| 999 |
|
|
|c 35355
|
| 100 |
|
|
|a Islam, Tanvir
|9 15211
|
| 245 |
|
|
|a The market for liquid milk, butter and ghee within Dhaka city :
|b learning from shopkeepers
|c Tanvir Islam
|
| 260 |
|
|
|a Dhaka :
|b BRAC,
|c 1995
|
| 300 |
|
|
|a 21 p. :
|b ill. ;
|c 28 cm.
|
| 541 |
|
|
|e 30023
|
| 610 |
|
|
|a BRAC
|9 14169
|
| 650 |
|
|
|a Rural Development
|z Bangladesh
|9 14182
|
| 710 |
|
|
|9 15209
|
| 852 |
|
|
|a Ayesha Abed Library
|c BRAC Resource Section
|
| 942 |
|
|
|2 ddc
|c BK
|
| 952 |
|
|
|0 0
|1 0
|2 ddc
|4 0
|6 307_141209549200000_MAR
|7 0
|9 56172
|a BRACUL
|b BRACUL
|c BRS
|d 2015-10-07
|e BRAC
|l 0
|o 307.1412095492 MAR
|p 3010030023
|r 2015-10-07
|t 1
|w 2015-10-07
|y BK
|